LEADER 03274nam 2200709 a 450 001 9910786952903321 005 20230803030118.0 010 $a1-55570-924-9 035 $a(CKB)2670000000359701 035 $a(EBL)1187219 035 $a(SSID)ssj0000889825 035 $a(PQKBManifestationID)12421348 035 $a(PQKBTitleCode)TC0000889825 035 $a(PQKBWorkID)10882352 035 $a(PQKB)10196601 035 $a(OCoLC)868949965 035 $a(MiAaPQ)EBC1187219 035 $a(Au-PeEL)EBL1187219 035 $a(CaPaEBR)ebr10751720 035 $a(OCoLC)843880826 035 $a(EXLCZ)992670000000359701 100 $a20130911d2013 uy 0 101 0 $aeng 135 $aur|n|---||||| 181 $ctxt 182 $cc 183 $acr 200 10$aImproving the visibility and use of digital repositories through SEO$b[electronic resource]$fKenning Arlitsch and Patrick S. OBrien 210 $aChicago, Ill. $cALA TechSource$dc2013 215 $a1 online resource (138 p.) 225 0 $aLITA guides Improving the visibility and use of digital repositories through SEO 300 $aDescription based upon print version of record. 311 $a1-55570-906-0 320 $aIncludes bibliographical references and index. 327 $aWhat is SEO and why is it important to libraries? -- Improving your library's SEO efforts -- How Internet search engine indexing works -- Setting your SEO baselines -- What is your search engine-indexing ratio and how can you improve it? -- Targeting your audience -- Google scholar and institutional repositories -- Measuring success. 330 $aRecent OCLC surveys show that less than 2 percent of library users begin their search on a library website, which is why search engine optimization (SEO) is so crucial. And though a survey of faculty researchers at four major universities showed that most consider Google and Google Scholar amazingly effective for their research, low Google Scholar indexing ratios for library institutional repositories is widespread because it ignores common library metadata. Arlitsch and OBrien, who have presented and published widely on the topic, show how to ensure that high-value content is visible to resea 606 $aLibrary Web sites$xDesign 606 $aLibrary Web sites$xStatistical methods 606 $aWeb search engines 606 $aElectronic information resources$xManagement 606 $aDigital libraries 606 $aInstitutional repositories 606 $aLibraries and the Internet 606 $aWebliometrics 615 0$aLibrary Web sites$xDesign. 615 0$aLibrary Web sites$xStatistical methods. 615 0$aWeb search engines. 615 0$aElectronic information resources$xManagement. 615 0$aDigital libraries. 615 0$aInstitutional repositories. 615 0$aLibraries and the Internet. 615 0$aWebliometrics. 676 $a025.0422 700 $aArlitsch$b Kenning$01518193 701 $aOBrien$b Patrick S.$f1963-$01518194 801 0$bMiAaPQ 801 1$bMiAaPQ 801 2$bMiAaPQ 906 $aBOOK 912 $a9910786952903321 996 $aImproving the visibility and use of digital repositories through SEO$93755611 997 $aUNINA LEADER 04727nam 2200961Ia 450 001 9910785518403321 005 20230801224336.0 010 $a1-283-58409-3 010 $a0-520-95387-8 024 7 $a10.1525/9780520953871 035 $a(CKB)2670000000241384 035 $a(EBL)1014242 035 $a(OCoLC)811563670 035 $a(SSID)ssj0000721853 035 $a(PQKBManifestationID)11464728 035 $a(PQKBTitleCode)TC0000721853 035 $a(PQKBWorkID)10693588 035 $a(PQKB)10055145 035 $a(MiAaPQ)EBC1014242 035 $a(DE-B1597)518832 035 $a(OCoLC)826065118 035 $a(DE-B1597)9780520953871 035 $a(Au-PeEL)EBL1014242 035 $a(CaPaEBR)ebr10595412 035 $a(CaONFJC)MIL389654 035 $a(EXLCZ)992670000000241384 100 $a20120531d2012 uy 0 101 0 $aeng 135 $aurcn||||||||| 181 $ctxt 182 $cc 183 $acr 200 10$aSunshine was never enough$b[electronic resource] $eLos Angeles workers, 1880-2010 /$fJohn H.M. Laslett 210 $aBerkeley $cUniversity of California Press$dc2012 215 $a1 online resource (457 p.) 300 $aDescription based upon print version of record. 311 $a0-520-28219-1 311 $a0-520-27345-1 320 $aIncludes bibliographical references and index. 327 $tFront matter --$tCONTENTS --$tList of Illustrations --$tPreface and Acknowledgments --$tIntroduction: Scope and Purpose --$tPart One: Under the Thumb of the Open Shop --$tPart Two: Organized Labor comes into its own --$tPart Three: Cultural Change and the Emergence of a new Industrial Order --$tConclusion: Comparative Reflections --$tNotes --$tPrimary Sources --$tIndex 330 $aDelving beneath Southern California's popular image as a sunny frontier of leisure and ease, this book tells the dynamic story of the life and labor of Los Angeles's large working class. In a sweeping narrative that takes into account more than a century of labor history, John H. M. Laslett acknowledges the advantages Southern California's climate, open spaces, and bucolic character offered to generations of newcomers. At the same time, he demonstrates that-in terms of wages, hours, and conditions of work-L.A. differed very little from America's other industrial cities. Both fast-paced and sophisticated, Sunshine Was Never Enough shows how labor in all its guises-blue and white collar, industrial, agricultural, and high tech-shaped the neighborhoods, economic policies, racial attitudes, and class perceptions of the City of Angels. Laslett explains how, until the 1930's, many of L.A.'s workers were under the thumb of the Merchants and Manufacturers Association. This conservative organization kept wages low, suppressed trade unions, and made L.A. into the open shop capital of America. By contrast now, at a time when the AFL-CIO is at its lowest ebb-a young generation of Mexican and African American organizers has infused the L.A. movement with renewed strength. These stories of the men and women who pumped oil, loaded ships in San Pedro harbor, built movie sets, assembled aircraft, and in more recent times cleaned hotels and washed cars is a little-known but vital part of Los Angeles history. 606 $aWorking class$zCalifornia$zLos Angeles$xHistory 606 $aLabor$zCalifornia$zLos Angeles$xHistory 606 $aLabor movement$zCalifornia$zLos Angeles$xHistory 610 $aagricultural. 610 $aamerican history. 610 $ablue collar workers. 610 $acalifornia. 610 $aeconomic policies. 610 $aindustrial relations. 610 $aindustrialization. 610 $alabor capitals. 610 $alabor historians. 610 $alabor history. 610 $alabor movements. 610 $alabor types. 610 $alaborers. 610 $alos angeles history. 610 $alos angeles. 610 $amerchants and manufacturers association. 610 $anonfiction. 610 $arace and class. 610 $asan pedro harbor. 610 $asouthern california. 610 $atrade unions. 610 $aunited states. 610 $awages. 610 $awhite collar workers. 610 $awork hours. 610 $aworking class. 610 $aworking conditions. 615 0$aWorking class$xHistory. 615 0$aLabor$xHistory. 615 0$aLabor movement$xHistory. 676 $a331.09794/940904 700 $aLaslett$b John H. M$01039011 801 0$bMiAaPQ 801 1$bMiAaPQ 801 2$bMiAaPQ 906 $aBOOK 912 $a9910785518403321 996 $aSunshine was never enough$93737507 997 $aUNINA LEADER 05062nas 2200625- 450 001 9910503231403321 005 20230514213019.0 035 $a(CKB)5300000000021246 035 $a(CONSER)--2018218524 035 $a(OCoLC)23812209 035 $a(EXLCZ)995300000000021246 100 $a20180124b18901943 k-- a 101 0 $aspa 135 $aur||||||||||| 181 $ctxt$2rdacontent 182 $cc$2rdamedia 183 $acr$2rdacarrier 200 03$aLa correspondencia de Puerto Rico 210 1$aSan Juan, P.R. :$cLa Correspondencia de Puerto Rico 215 $a1 online resource 300 $a"El diario más antiguo de la Isla." 300 $a"Periódico independiente." 300 $a"Diario absolutamente imparcial, eco de la opinión y de la prensa." 311 $a2576-6260 330 $aComo un eco de La Correspondencia de España, el diario La Correspondencia de Puerto Rico fue fundado por Ramón B. López en San Juan, el 18 de diciembre de 1890. Llegó a ser el periódico de mayor circulación y exposición popular, con precio de un centavo, y una tirada de 5,000 ejemplares diarios. Por eso se le adjudicó el sobrenombre sarcástico de "El periódico de las cocineras". Se inició en él el formato del periódico reporteril para llegar a las masas. En su tesis doctoral de Historia del 2007, Análisis histórico de la noción del "periodismo profesional" en Puerto Rico (del siglo XIX al XX), Luis Fernando Coss destacó los elementos de modernidad que la publicación de La Correspondencia de Puerto Rico supuso en los 1890.- 330 $9^^$aUna ruptura clara con el partidismo tradicional de la prensa, un interés en abordar asuntos de pertinencia general, más allá de los reclamos localistas de la prensa de la Capital, Ponce y Mayagüez, y un alarde de objetividad marcaron al nuevo periódico. La Correspondencia, en su cobertura de la discusión de los aranceles en 1895, en su sobria discusión de los monopolios y las protestas urbanas contra ellos, y en su enfoque sobre la nueva guerra de independencia cubana alcanzó la atención de lectores de toda la isla. Para el investigador son importantes los textos de este periódico de los años 1897, 1898 y 1899.- 330 $9^^$aLa instalación del gabinete autonómico, las elecciones de marzo de 1898, la Guerra Hispanoamericana, las dificultades del gobierno autonómico para conseguir financiamiento de las obras públicas, la invasión de Puerto Rico, los primeros reportajes sobre la zona de ocupación estadounidense entre agosto y octubre de 1898, las transiciones de poder del gabinete autonómico al gobierno militar en 1899, así como las medidas de los gobernadores Guy V. Henry y George Davies en el difícil año de 1899, en torno a la jornada laboral de 8 horas, la suspensión de ejecuciones sobre hipotecas de propietarios agrícolas y el canje de la moneda provincial por la norteamericana, especialmente después del huracán del día de San Ciriaco (8 de agosto) dan múltiples matices y detalles que no se encuentran fácilmente en otras publicaciones periódicas de la época.- 330 $9^^$aEn sus inicios, la gerencia del periódico quiso proscribir la literatura; sin embargo, entrado el siglo XX y, sobre todo cuando Manuel Zeno Gandía compra el diario el 30 de abril de 1902, el médico y literato le dio otro giro, divulgando en sus columnas poemas de escritores valiosos y reconocidos posteriormente. Sirvió de ese modo como vehículo para la divulgación del modernismo literario en la isla. Durante la primera década del siglo XX tomó un giro político afiliado al partido Unión de Puerto Rico (1904) tras la consigna del gobierno propio o self-government y la definición del status, fungiendo como portavoz de las preocupaciones derivadas de la Ley Orgánica de 1900 (Ley Foraker) y la organización del gobierno civil, atento al progreso económico e intelectual de Puerto Rico. 606 $aPolitics and government$2fast$3(OCoLC)fst01919741 606 $aPuerto Ricans$xSocial life and customs$2fast$3(OCoLC)fst01083745 606 $aNineteenth century$2fast$3(OCoLC)fst01037841 606 $aTwentieth century$2fast$3(OCoLC)fst01159810 606 $aPolítica y gobierno$2qlsp 606 $aPuertorriqueños$xVida social y costumbres$2qlsp 606 $aSiglo XIX$2qlsp 606 $aSiglo XX$2qlsp 607 $aPuerto Rico$vNewspapers 607 $aSan Juan (P.R.)$vNewspapers 607 $aPuerto Rico$2fast 607 $aPuerto Rico$zSan Juan$2fast 608 $aNewspapers.$2fast 608 $aPeriódicos$2abne 615 7$aPolitics and government. 615 7$aPuerto Ricans$xSocial life and customs. 615 7$aNineteenth century. 615 7$aTwentieth century. 615 7$aPolítica y gobierno 615 7$aPuertorriqueños$xVida social y costumbres 615 7$aSiglo XIX 615 7$aSiglo XX 676 $a071 906 $aJOURNAL 912 $a9910503231403321 996 $aLa correspondencia de Puerto Rico$91893152 997 $aUNINA